000 00837nam a22002177a 4500
003 0
005 20250129102333.0
008 150916b xxu||||| |||| 00| 0 eng d
050 _aPGS QR 82
_b.D358 2015
100 _aDellosa, Prince Alfred Dale D.
245 _aBanana sap and banana leaves on Escherichia coli /
_cPrince Alfred Dale D. Dellosa.
260 _aLas PiƱas City, Philippines :
_bSouthville International School and Colleges,
_c2015.
300 _a20 p. :
_bill. ;
_c28 cm.
_fPASS
504 _aIncludes bibliographical references.
650 _aBanana
_vLeaves--Antibacterial properties.
650 _aBanana
_vSap--Medicinal properties.
650 _aAntibacterial agents, Plant.
650 _aEscherichia coli
_vInhibition.
650 _aMicrobial resistance to antibiotics
_vNatural products.
942 _2lcc
_cPASS
999 _c288676
_d288676